Die polnischen Platzierungen bei der Europameisterschaft - Statistiken

Allgemein
  • Dieses Quiz wurde 13 mal gespielt
    5 seit der letzten Aktualisierung
  • Das Durchschnittsergebnis liegt bei 3 aus 5
Antwortstatistiken
Hint Antwort % Korrekt
2020 Gruppenphase
80%
2024 Gruppenphase
80%
2008 Gruppenphase
60%
2016 Viertelfinale
60%
2012 Gruppenphase
40%
Keine übereinstimmenden Quizze gefunden
Verteilung der Resultate
Anzahl Personen mit jedem Resultat
Perzentil nach korrekt beantworteten Fragen
Ihre Resultats-Entwicklung
Sie haben dieses Quiz seit der letzten Aktualisierung nicht gespielt